Statistics for 1M Cities in Oceania

Click here to take the quiz!

General Stats

  • This quiz has been taken 72 times
  • The average score is 6 of 7

Answer Stats

PopulationCity% Correct
5,450,000Sydney
100%
5,150,000Melbourne
98%
1,470,00Auckland
97%
3,300,000Brisbane
95%
2,125,000Perth
92%
1,380,000Adelaide
85%
1,010,000Honolulu
35%

Score Distribution

Percentile by Number Answered

Percent of People with Each Score

Your Score History

You have not taken this quiz